Online
Catalog

The Columbus gallery : (Record no. 33055)

MARC details
000 -CABECERA
campo de control de longitud fija 00578nam a2200145 a 4500
001 - NÚMERO DE CONTROL
campo de control 000033564
005 - FECHA Y HORA DE LA ÚLTIMA TRANSACCIÓN
campo de control 20200930070342.0
008 - DATOS DE LONGITUD FIJA--INFORMACIÓN GENERAL
campo de control de longitud fija 110831s1893 xxuac 000 0 spa d
040 ## - FUENTE DE LA CATALOGACIÓN
Centro catalogador/agencia de origen DO-SdBNP
Lengua de catalogación spa
Centro/agencia transcriptor BNPHU
082 ## - NÚMERO DE LA CLASIFICACIÓN DECIMAL DEWEY
Número de clasificación xxx
Número de documento/Ítem P792c
100 1# - ENTRADA PRINCIPAL--NOMBRE DE PERSONA
Nombre de persona Ponce de León, Néstor
9 (RLIN) 59060
245 10 - MENCIÓN DE TÍTULO
Título The Columbus gallery :
Resto del título The discoverer of the new world as represented in portraits, monuments, statues, medals and paintings. Historical description /
Mención de responsabilidad, etc. Néstor Ponce de León.
260 ## - PUBLICACIÓN, DISTRIBUCIÓN, ETC.
Lugar de publicación, distribución, etc. New York :
Nombre del editor, distribuidor, etc. N. Ponce de León, Publisher ;,
Fecha de publicación, distribución, etc. 1893.
300 ## - DESCRIPCIÓN FÍSICA
Extensión 173 p. :
Otras características físicas il., retrs. ;
Dimensiones 29 cm.
Holdings
Estado de retiro Estado de pérdida Restricciones de uso No para préstamo Código de colección Localización permanente Ubicación/localización actual Ubicación en estantería Fecha de adquisición Número de inventario Total de préstamos Signatura topográfica completa Código de barras Fecha visto por última vez Precio válido a partir de Tipo de ítem Koha
      Excluido de préstamo Raros y valiosos General General En catalogación 31.08.2011 LF1   xxx P792c 33564-10 25.06.2020 25.06.2020 No se presta

Powered by Koha